| 000 | 00683nam a2200253Ia 4500 | ||
|---|---|---|---|
| 003 | OSt | ||
| 005 | 20221005031956.0 | ||
| 006 | a|||||r|||| 00| 0 | ||
| 007 | ta | ||
| 008 | 221004b |||||||| |||| 00| 0 tam d | ||
| 020 | _c13.50 | ||
| 024 | _a63472 | ||
| 037 | _cTextual | ||
| 040 |
_aCRL _cCRL _btam |
||
| 041 |
_2tam _atam |
||
| 082 | _a2, 31M6 | ||
| 100 |
_aRama. Subramanian Au. _9584583 |
||
| 245 | 0 | _aNoolagam | |
| 260 |
_aChennai _bTamil kadal Pathippakam India _c1986 |
||
| 300 |
_a128p. _ccm. |
||
| 650 |
_aLIBRARY AND INFORMATION NETWORKS - INFLIBNET _94602 |
||
| 942 |
_h2, 31M6 _cTEXL _2cc |
||
| 999 |
_c938810 _d938810 |
||